[Event "FRA Team Ch"]
[Site "Mulhouse"]
[Date "2001.04.01"]
[Round "7.5"]
[White "Benitah, Yohan"]
[Black "Eliet, Nicolas"]
[Result "1/2-1/2"]
[WhiteElo "2345"]
[BlackElo "2398"]
[Annotator "Mulhouse-Gonfreville"]
[PlyCount "30"]
[EventDate "2001.03.??"]

1. d4 d5 2. c4 c6 3. Nf3 Nf6 4. e3 e6 5. Nbd2 c5 6. b3 Nc6 7. Bb2 cxd4 8. exd4
dxc4 9. Bxc4 Be7 10. O-O O-O 11. Rc1 Na5 12. Bd3 b6 13. Nc4 Nxc4 14. bxc4 Bb7
15. Re1 Rc8 1/2-1/2

[Event "FRA Team Ch"]
[Site "Mulhouse"]
[Date "2001.04.01"]
[Round "7.6"]
[White "Gouret, Thierry"]
[Black "Marzolo, Cyril"]
[Result "1/2-1/2"]
[WhiteElo "2322"]
[BlackElo "2378"]
[Annotator "Gonfreville - Mulhouse"]
[PlyCount "141"]
[EventDate "2001.03.??"]

1. Nf3 d5 2. d4 Nf6 3. Bf4 c5 4. c3 Nc6 5. e3 Qb6 6. Qb3 c4 7. Qc2 Bf5 8. Qc1
e6 9. Nh4 Bxb1 10. Rxb1 Nh5 11. Bg3 Be7 12. Be2 Nxg3 13. hxg3 O-O 14. b3 cxb3
15. axb3 Rac8 16. Nf3 e5 17. O-O exd4 18. exd4 Bf6 19. Qd2 Rfe8 20. Bd3 g6 21.
Rfe1 Rxe1+ 22. Qxe1 Qc7 23. Qd1 Qa5 24. Qd2 Nd8 25. Rc1 Ne6 26. Qb2 a6 27. Rc2
b5 28. Kh2 Qb6 29. b4 Qd6 30. Re2 Qc7 31. Rc2 h5 32. Kg1 Kg7 33. Qa3 Qd6 34.
Ra2 Rc6 35. Rc2 Ng5 36. Nxg5 Bxg5 37. Qa1 Bd8 38. Qe1 Bc7 39. Re2 h4 40. Re3
Qf6 41. gxh4 Re6 42. g3 Rc6 43. Bf1 a5 44. bxa5 Bxa5 45. Bxb5 Rb6 46. Bf1 Rb2
47. Kg2 Qf5 48. Rf3 Qe6 49. Qa1 Qb6 50. c4 Qb4 51. cxd5 Bb6 52. Qc1 Qxd4 53.
Qf4 Qxf4 54. Rxf4 Rd2 55. Bc4 f6 56. Rf3 Bc5 57. Bb3 Bb6 58. Bc4 Bc5 59. Kf1
Rc2 60. Bd3 Rd2 61. Bc4 Rc2 62. Bb3 Rd2 63. Kg2 Bb6 64. g4 Rd4 65. Kh3 Rd2 66.
Kg3 Bc5 67. h5 Bd6+ 68. Kg2 gxh5 69. gxh5 Be5 70. Kh3 Rd4 71. Bc2 1/2-1/2

[Event "FRA Team Ch"]
[Site "Mulhouse"]
[Date "2001.04.01"]
[Round "7.7"]
[White "Riff, Sebastien"]
[Black "Vallin, Guillaume"]
[Result "0-1"]
[WhiteElo "2223"]
[BlackElo "2396"]
[Annotator "Mulhouse-Gonfreville"]
[PlyCount "39"]
[EventDate "2001.03.??"]

1. e4 e6 2. d4 d5 3. Nd2 Nf6 4. e5 Nfd7 5. f4 c5 6. c3 Nc6 7. Ndf3 Qa5 8. Kf2
b5 9. Be3 b4 10. Ne2 bxc3 11. Nxc3 Rb8 12. Rb1 cxd4 13. Nxd4 Nxd4 14. Bxd4 Rb4
15. Kf3 Bc5 16. Bxc5 Nxc5 17. Bd3 Nxd3 18. Qxd3 Ba6 19. Qd1 O-O 20. a3 0-1

[Event "FRA Team Ch"]
[Site "Mulhouse"]
[Date "2001.04.01"]
[Round "7.8"]
[White "Lefebvre, Herve"]
[Black "Muller, Anne"]
[Result "1-0"]
[WhiteElo "2173"]
[BlackElo "2208"]
[Annotator "Gonfreville - Mulhouse"]
[PlyCount "67"]
[EventDate "2001.03.??"]

1. d4 Nf6 2. c4 e6 3. Nc3 Bb4 4. e3 c5 5. Bd3 Nc6 6. Nge2 cxd4 7. exd4 d5 8.
cxd5 Nxd5 9. O-O Be7 10. a3 O-O 11. Bc2 b6 12. Qd3 g6 13. Bh6 Re8 14. Rad1 Bb7
15. Nxd5 Qxd5 16. Nf4 Qd6 17. d5 Ne5 18. Qb3 exd5 19. Nxd5 Bh4 20. Qh3 Bd8 21.
Ba4 Bxd5 22. Bxe8 Bc7 23. Ba4 Nc4 24. Rd4 Qe5 25. Rfd1 Be6 26. Qh4 f6 27. Rxc4
g5 28. Qe4 Qxh2+ 29. Kf1 Qh1+ 30. Ke2 Qh5+ 31. g4 Bxc4+ 32. Qxc4+ Qf7 33. Qxf7+
Kxf7 34. Rd7+ 1-0

[Event "FRA Team Ch"]
[Site "Mulhouse"]
[Date "2001.04.01"]
[Round "7.9"]
[White "Libiszewski, Fabien"]
[Black "Gervais, Claire"]
[Result "1/2-1/2"]
[WhiteElo "2255"]
[BlackElo "2170"]
[Annotator "Mulhouse - Gonfreville"]
[PlyCount "75"]
[EventDate "2001.03.??"]

1. e4 e6 2. d3 d5 3. Qe2 Ne7 4. g3 dxe4 5. dxe4 b6 6. c3 Ba6 7. Qc2 Bxf1 8.
Kxf1 Nd7 9. Nf3 Nc5 10. Na3 a6 11. Ke2 Nc6 12. Bg5 f6 13. Be3 Bd6 14. Rhd1 Nb7
15. Nc4 e5 16. Qb3 Nca5 17. Nxd6+ Qxd6 18. Qd5 Qxd5 19. Rxd5 Nc4 20. b3 Nxe3
21. Kxe3 Rd8 22. Rad1 Rxd5 23. Rxd5 Ke7 24. Nh4 g6 25. f4 exf4+ 26. gxf4 Rd8
27. c4 c6 28. Rxd8 Nxd8 29. Nf3 c5 30. Ng1 Kd6 31. Ne2 Nc6 32. Nc3 Nb4 33. a3
Nc2+ 34. Kd2 Nd4 35. Nd5 Nxb3+ 36. Kc3 Nd4 37. Kd3 Ne6 38. Ke3 1/2-1/2

[Event "FRA Team Ch"]
[Site "Mulhouse"]
[Date "2001.04.01"]
[Round "7.1"]
[White "Bauer, Christian"]
[Black "Chuchelov, Vladimir"]
[Result "0-1"]
[WhiteElo "2618"]
[BlackElo "2539"]
[Annotator "Nancy-Cappelle"]
[PlyCount "58"]
[EventDate "2001.03.??"]

1. e4 c5 2. Nf3 e6 3. b3 b6 4. d4 cxd4 5. Nxd4 Bb7 6. Nb5 Nf6 7. Bf4 Na6 8. e5
Nd5 9. Bg3 Nac7 10. a3 Nxb5 11. Bxb5 Be7 12. Be2 b5 13. O-O a6 14. c4 bxc4 15.
bxc4 Nb6 16. Nc3 O-O 17. Rb1 Rc8 18. Na4 Nxa4 19. Rxb7 Nc5 20. Rb1 Qa5 21. Ra1
Rb8 22. Bf4 Rb3 23. Bd2 Qc7 24. Bb4 Re8 25. Bf3 Qxe5 26. Ra2 Qc7 27. Rd2 d6 28.
Qa1 Rxf3 29. Bxc5 Qa5 0-1

[Event "FRA Team Ch"]
[Site "Mulhouse"]
[Date "2001.04.01"]
[Round "7.4"]
[White "Carlier, Bruno"]
[Black "Adrian, Claude"]
[Result "0-1"]
[WhiteElo "2399"]
[BlackElo "2381"]
[Annotator "Cappelle-Nancy"]
[PlyCount "54"]
[EventDate "2001.03.??"]

1. Nf3 Nf6 2. g3 b6 3. Bg2 Bb7 4. O-O e6 5. c4 c5 6. e3 g6 7. b3 Bg7 8. Bb2 O-O
9. Nc3 a6 10. Qe2 d6 11. d4 Qc7 12. Rfd1 Nbd7 13. Rac1 Rfe8 14. Qc2 Rac8 15.
Rd2 cxd4 16. exd4 Bh6 17. d5 e5 18. h4 Bxd2 19. Qxd2 Nc5 20. Rd1 b5 21. cxb5
axb5 22. Nxb5 Qb6 23. Nc3 Nce4 24. Nxe4 Nxe4 25. Qe3 Qxe3 26. fxe3 Rc2 27. Ba3
Ra8 0-1

[Event "FRA Team Ch"]
[Site "Mulhouse"]
[Date "2001.04.01"]
[Round "7.5"]
[White "Nezar, Mustapha"]
[Black "Jossien, Arnaud"]
[Result "0-1"]
[WhiteElo "2292"]
[BlackElo "2319"]
[Annotator "Nancy-Capelle"]
[PlyCount "66"]
[EventDate "2001.03.??"]

1. e4 d6 2. d4 Nf6 3. Nc3 c6 4. f4 Qa5 5. e5 Ne4 6. Qf3 d5 7. Bd3 Na6 8. Nge2
Nb4 9. Bxe4 dxe4 10. Qxe4 f5 11. Qf3 Nxc2+ 12. Kf2 Nxa1 13. Qd3 Qa6 14. Qb1 Be6
15. Qxa1 Bc4 16. Be3 e6 17. Nc1 Be7 18. Rd1 O-O-O 19. b3 Bd5 20. Nd3 b6 21. Qb2
Kb7 22. a4 h6 23. Na2 Kb8 24. Nab4 Qb7 25. Ra1 g5 26. Qc3 Bxg2 27. a5 c5 28.
Na6+ Qxa6 29. Kxg2 cxd4 30. Bxd4 Rxd4 31. Qxd4 Rd8 32. Qa4 Qxd3 33. axb6 Qe2+
0-1

[Event "FRA Team Ch"]
[Site "Mulhouse"]
[Date "2001.04.01"]
[Round "7.6"]
[White "Hareux, Hubert"]
[Black "Philippe, Christophe"]
[Result "1/2-1/2"]
[WhiteElo "2211"]
[BlackElo "2356"]
[Annotator "Cappelle - Nancy"]
[PlyCount "117"]
[EventDate "2001.03.??"]

1. d4 f5 2. Nf3 Nf6 3. g3 g6 4. Bg2 Bg7 5. O-O O-O 6. c4 d6 7. Nc3 Qe8 8. d5 a5
9. Qc2 Na6 10. Bd2 Bd7 11. Ne1 h6 12. Nd3 g5 13. a3 Qh5 14. f3 Rae8 15. e4 fxe4
16. Nxe4 Nxe4 17. fxe4 Bd4+ 18. Kh1 b6 19. Bc3 Bxc3 20. Qxc3 Bg4 21. b4 Be2 22.
Rf5 Rxf5 23. exf5 Rf8 24. Qc2 Qg4 25. Re1 Bxd3 26. Qxd3 Qxf5 27. Qxf5 Rxf5 28.
Rxe7 axb4 29. axb4 Re5 30. Rxe5 dxe5 31. b5 Nc5 32. Kg1 Kf7 33. Kf2 Nb7 34. Ke3
Nd6 35. Bf1 Kf6 36. Bd3 e4 37. Bxe4 Nxc4+ 38. Kd4 Nd6 39. Bd3 h5 40. h3 h4 41.
g4 Nf7 42. Bc2 Ke7 43. Bg6 Nd6 44. Bd3 Kf6 45. Be2 Nf7 46. Bd3 Ne5 47. Be4 Nf7
48. Bc2 Nd6 49. Bd3 Nb7 50. Bb1 Na5 51. Ba2 Nb7 52. Bb1 Nd6 53. Bd3 Nf7 54. Bc2
Ke7 55. Bg6 Nd6 56. Bd3 Kf6 57. Be2 Ne8 58. Bd3 Nd6 59. Be2 1/2-1/2

[Event "FRA Team Ch"]
[Site "Mulhouse"]
[Date "2001.04.01"]
[Round "7.7"]
[White "Taddei, Benoit"]
[Black "Catteau, Bruno"]
[Result "1/2-1/2"]
[WhiteElo "2306"]
[BlackElo "2193"]
[Annotator "Nancy-Cappelle"]
[PlyCount "71"]
[EventDate "2001.03.??"]

1. c4 c6 2. Nf3 d5 3. d4 e6 4. g3 f5 5. Bg2 Nf6 6. O-O Bd6 7. Bf4 Bxf4 8. gxf4
O-O 9. Nc3 Ne4 10. e3 Bd7 11. Nxe4 fxe4 12. Ne5 Be8 13. Qg4 Rf6 14. f3 exf3 15.
Rxf3 Bg6 16. Rg3 Qe7 17. Kh1 Bf5 18. Qg5 Kh8 19. Rg1 Nd7 20. Bf3 Nxe5 21. fxe5
Rf7 22. Qh5 Raf8 23. c5 g6 24. Qh6 Bd3 25. Kg2 Rxf3 26. Rxf3 Be4 27. Rgf1 Rf5
28. Kg3 Qg5+ 29. Qxg5 Rxg5+ 30. Kh4 Rh5+ 31. Kg3 Bxf3 32. Rxf3 Rf5 33. Rxf5
gxf5 34. Kh4 Kg7 35. Kg5 h6+ 36. Kh5 1/2-1/2

[Event "FRA Team Ch"]
[Site "Mulhouse"]
[Date "2001.04.01"]
[Round "7.8"]
[White "Cappon, John"]
[Black "Spielmann, Alain"]
[Result "0-1"]
[WhiteElo "2188"]
[BlackElo "2294"]
[Annotator "Cappelle-Nancy"]
[PlyCount "98"]
[EventDate "2001.03.??"]

1. e4 c6 2. d4 d5 3. Nd2 dxe4 4. Nxe4 Bf5 5. Ng3 Bg6 6. f4 e6 7. Nf3 Bd6 8. Bd3
Ne7 9. O-O Nd7 10. Qe2 O-O 11. Ng5 Nf5 12. Nxf5 Bxf5 13. Bxf5 exf5 14. Qd3 h6
15. Nf3 g6 16. b3 Nf6 17. g3 Re8 18. Bb2 Qa5 19. c4 Rad8 20. a3 Bf8 21. Kg2 Bg7
22. b4 Qa4 23. Rfe1 Ne4 24. Rad1 a5 25. bxa5 Qxa5 26. Nd2 c5 27. Nxe4 fxe4 28.
Rxe4 Rxe4 29. Qxe4 cxd4 30. Qxb7 d3 31. Bxg7 Kxg7 32. Qb4 Qa8+ 33. Kf2 Qe4 34.
Qc3+ Kg8 35. Re1 Qf5 36. c5 d2 37. Rd1 Qh5 38. Qf3 Qxc5+ 39. Kg2 Qc4 40. Qe3
Qc2 41. Qe2 h5 42. a4 Kg7 43. a5 Re8 44. Qxe8 Qxd1 45. Qe5+ Kg8 46. Qe8+ Kg7
47. Qe5+ Kh7 48. f5 Qc2 49. fxg6+ Kxg6 0-1

[Event "FRA Team Ch"]
[Site "Mulhouse"]
[Date "2001.04.01"]
[Round "7.9"]
[White "Mourot, Clara"]
[Black "Husson, Cybele"]
[Result "1-0"]
[WhiteElo "1900"]
[BlackElo "2036"]
[Annotator "Nancy-Cappelle"]
[PlyCount "35"]
[EventDate "2001.03.??"]

1. d4 Nf6 2. c4 c5 3. d5 e6 4. Nc3 exd5 5. cxd5 Bd6 6. Bg5 O-O 7. Nf3 h6 8. Bh4
a6 9. a4 Re8 10. e3 Be5 11. Nxe5 Rxe5 12. d6 Nc6 13. Bc4 g5 14. Bg3 Re8 15. Qb3
Rf8 16. Qc2 Nh5 17. Qg6+ Ng7 18. Ne4 1-0

[Event "FRA Team Ch"]
[Site "Bordeaux"]
[Date "2001.04.14"]
[Round "7.1"]
[White "Komarov, Dimitri"]
[Black "Kazhgaleyev, Murtas"]
[Result "1/2-1/2"]
[WhiteElo "2540"]
[BlackElo "2571"]
[Annotator "Drancy - Cannes"]
[PlyCount "27"]
[EventDate "2001.??.??"]

1. d4 d6 2. Nf3 Bg4 3. c4 g6 4. Nc3 Bg7 5. e3 Nf6 6. Be2 O-O 7. O-O Re8 8. e4
Nc6 9. Be3 e5 10. d5 Bxf3 11. Bxf3 Nd4 12. Nb5 a6 13. Nxd4 exd4 14. Bxd4
1/2-1/2

[Event "FRA Team Ch"]
[Site "Bordeaux"]
[Date "2001.04.01"]
[Round "7.2"]
[White "Tkachiev, Vladislav"]
[Black "Godard, Maxence"]
[Result "1/2-1/2"]
[WhiteElo "2672"]
[BlackElo "2377"]
[Annotator "Cannes - Drancy"]
[PlyCount "109"]
[EventDate "2001.??.??"]

1. d4 Nf6 2. c4 e6 3. g3 d5 4. Nf3 Be7 5. Bg2 O-O 6. O-O c6 7. Bf4 b6 8. Nc3
Nbd7 9. Rc1 Bb7 10. cxd5 exd5 11. Qc2 Re8 12. Rfd1 Nf8 13. Bg5 Ng4 14. Bxe7
Qxe7 15. a3 Rad8 16. h3 Nf6 17. b4 Ne6 18. e3 g6 19. Qb2 Ng7 20. Ne5 Rc8 21.
Nd3 Nf5 22. Nf4 g5 23. Nd3 Nd6 24. Qb3 Nfe4 25. Nxe4 Nxe4 26. a4 Rc7 27. Rc2
Kg7 28. Rdc1 Rec8 29. Ne5 f6 30. Nf3 Ba6 31. Bf1 Bxf1 32. Kxf1 Nd6 33. Nd2 a6
34. Qd3 b5 35. Nb3 Nc4 36. Nc5 bxa4 37. Nxa4 Rb7 38. Nc5 Rxb4 39. Re2 Qf7 40.
e4 Rbb8 41. exd5 cxd5 42. Ra1 Nd6 43. Rxa6 Ne4 44. Rc2 Re8 45. Kg2 Rbd8 46. Qf3
Rd6 47. Ra5 Rdd8 48. Rb2 Re7 49. Ra6 Rd6 50. Ra8 Rc6 51. Rbb8 Nxc5 52. dxc5 Qe6
53. Rh8 Qe4 54. Rag8+ Kh6 55. Qxe4 1/2-1/2

[Event "FRA Team Ch"]
[Site "Bordeaux"]
[Date "2001.04.01"]
[Round "7.3"]
[White "Legky, Nikolay A"]
[Black "Gallagher, Joseph"]
[Result "0-1"]
[WhiteElo "2477"]
[BlackElo "2519"]
[Annotator "Drancy - Cannes"]
[PlyCount "70"]
[EventDate "2001.??.??"]

1. d4 Nf6 2. c4 g6 3. Nc3 Bg7 4. e4 d6 5. Nf3 O-O 6. Be2 e5 7. O-O Na6 8. d5
Nc5 9. Bg5 h6 10. Bxf6 Qxf6 11. b4 Nd7 12. Nd2 Qe7 13. Nb3 h5 14. a4 Bh6 15. a5
Nf6 16. c5 Ng4 17. h3 Nf6 18. c6 Rb8 19. b5 b6 20. axb6 axb6 21. Ra3 Nh7 22.
Nd2 Bxh3 23. Ncb1 Bc8 24. Qa4 Bf4 25. Rd1 Kg7 26. Bf1 Bg4 27. Nf3 Ng5 28. Be2
Ra8 29. Qxa8 Rxa8 30. Rxa8 Nxe4 31. Rf1 h4 32. Ra3 h3 33. g3 Bxg3 34. fxg3 Nxg3
35. Rf2 Nxe2+ 0-1

[Event "FRA Team Ch"]
[Site "Bordeaux"]
[Date "2001.04.01"]
[Round "7.4"]
[White "Godena, Michele"]
[Black "Doornbos, Yann"]
[Result "1/2-1/2"]
[WhiteElo "2474"]
[BlackElo "2359"]
[Annotator "Cannes - Drancy"]
[PlyCount "63"]
[EventDate "2001.??.??"]

1. e4 e6 2. d4 d5 3. Nd2 c5 4. Ngf3 Nf6 5. exd5 exd5 6. Bb5+ Bd7 7. Bxd7+ Nbxd7
8. O-O Be7 9. dxc5 Nxc5 10. Nb3 Nce4 11. Nfd4 Qd7 12. Qf3 O-O 13. Nf5 Rfe8 14.
Be3 Bf8 15. Bd4 Re6 16. Qd3 Rc6 17. Ne3 Nh5 18. f3 Nf4 19. Qd1 Ng5 20. g3 Ng6
21. f4 Ne4 22. Qh5 Ne7 23. Rad1 Rh6 24. Qg4 Qxg4 25. Nxg4 Ra6 26. a3 Nf5 27.
Ne3 Nxe3 28. Bxe3 Rc8 29. Rc1 Nd6 30. Rfd1 Nc4 31. Bd4 Re6 32. Kf2 {
suite illisible1/2 au 49eme} 1/2-1/2

[Event "FRA Team Ch"]
[Site "Bordeaux"]
[Date "2001.04.01"]
[Round "7.5"]
[White "Giffard, Nicolas"]
[Black "Chabanon, Jean-Luc"]
[Result "0-1"]
[WhiteElo "2393"]
[BlackElo "2461"]
[Annotator "Drancy - Cannes"]
[PlyCount "106"]
[EventDate "2001.??.??"]

1. Nf3 Nf6 2. c4 e6 3. g3 d5 4. Bg2 dxc4 5. Qa4+ Bd7 6. Qxc4 Bc6 7. O-O Bd6 8.
d3 Nbd7 9. Qc2 Qe7 10. Nbd2 O-O 11. a3 a5 12. b3 Ra6 13. Bb2 b5 14. e4 e5 15.
d4 Ba8 16. dxe5 Bxe5 17. Nxe5 Nxe5 18. Qc3 Nfg4 19. h3 Rc6 20. Qxa5 Rc2 21.
Bxe5 Nxe5 22. Rad1 Nd3 23. Nf3 Bxe4 24. Qxb5 Rc3 25. Nh4 c6 26. Qa4 Bxg2 27.
Kxg2 Nb2 28. Qd4 Nxd1 29. Nf5 Qg5 30. Qe5 Qf6 31. Qxf6 Ne3+ 32. fxe3 gxf6 33.
Kf3 Rxb3 34. Rc1 Rb6 35. Rc4 Ra8 36. a4 Kf8 37. Nd4 Raa6 38. Rc5 Rxa4 39. Nxc6
Rb3 40. Na5 Rb2 41. Rd5 Rb6 42. Rc5 Ke7 43. Nc4 Rbb4 44. Nd2 Rb2 45. Rd5 Ra1
46. Rd4 h5 47. h4 Rh1 48. Nc4 Rf1+ 49. Ke4 Rg2 50. Nd6 Ke6 51. Ne8 f5+ 52. Kd3
Rd1+ 53. Kc3 Rxd4 0-1

[Event "FRA Team Ch"]
[Site "Bordeaux"]
[Date "2001.04.01"]
[Round "7.6"]
[White "Anic, Darko"]
[Black "Salaun, Yann"]
[Result "1-0"]
[WhiteElo "2469"]
[BlackElo "2391"]
[Annotator "Cannes - Drancy"]
[PlyCount "63"]
[EventDate "2001.??.??"]

1. Nf3 Nf6 2. g3 b6 3. Bg2 Bb7 4. O-O c5 5. c4 g6 6. Nc3 Bg7 7. d4 cxd4 8. Qxd4
d6 9. Rd1 Nbd7 10. b3 Rc8 11. Bb2 O-O 12. Rac1 Rc5 13. b4 Rc8 14. Nd5 Re8 15.
a3 Ba8 16. Bh3 e6 17. Nxf6+ Bxf6 18. Qd2 Bxf3 19. exf3 Bxb2 20. Qxb2 Ne5 21.
Qe2 Qc7 22. Bf1 Qc6 23. Rc3 Qc7 24. f4 Nc6 25. Qd2 Red8 26. Rd3 e5 27. f5 Nd4
28. Rxd4 exd4 29. f6 Kh8 30. Qh6 Rg8 31. Rxd4 g5 32. Bd3 1-0

[Event "FRA Team Ch"]
[Site "Bordeaux"]
[Date "2001.04.01"]
[Round "7.7"]
[White "Moracchini, Fabrice"]
[Black "Fontaine, Robert"]
[Result "1/2-1/2"]
[WhiteElo "2316"]
[BlackElo "2451"]
[Annotator "Drancy - Cannes"]
[PlyCount "73"]
[EventDate "2001.??.??"]

1. d4 d5 2. c4 c6 3. cxd5 cxd5 4. Nc3 Nf6 5. Nf3 Nc6 6. Bf4 Ne4 7. Qb3 Nxc3 8.
bxc3 g6 9. e4 dxe4 10. Ng5 e6 11. Nxe4 Be7 12. Bb5 O-O 13. O-O Na5 14. Qc2 Bd7
15. Bd3 Rc8 16. Qe2 Bc6 17. Rac1 a6 18. Rfd1 b5 19. f3 Bd5 20. a4 Bb3 21. axb5
Bxd1 22. Rxd1 axb5 23. Bxb5 Qb6 24. c4 Rfd8 25. Be5 Nc6 26. Bxc6 Qxc6 27. Nf6+
Bxf6 28. Bxf6 Rd7 29. Rc1 Rdc7 30. Qe3 Qe8 31. c5 Rd7 32. Re1 Rd5 33. g4 Qf8
34. Qf4 h6 35. Ra1 e5 36. Bxe5 Re8 37. Qf6 1/2-1/2

[Event "FRA Team Ch"]
[Site "Bordeaux"]
[Date "2001.04.01"]
[Round "7.8"]
[White "Acher, Mathieu"]
[Black "Zangrilli, David"]
[Result "1/2-1/2"]
[WhiteElo "2264"]
[BlackElo "2191"]
[Annotator "Cannes - Drancy"]
[PlyCount "66"]
[EventDate "2001.??.??"]

1. e4 e5 2. Nf3 Nc6 3. Bb5 a6 4. Ba4 Nf6 5. O-O Be7 6. Re1 b5 7. Bb3 d6 8. c3
O-O 9. d4 Bg4 10. Be3 exd4 11. cxd4 Na5 12. Bc2 Nc4 13. Bc1 c5 14. b3 Nb6 15.
Bb2 Rc8 16. dxc5 Rxc5 17. Nbd2 Nfd7 18. h3 Bh5 19. Rc1 b4 20. Bd4 Ra5 21. Bb1
Bf6 22. Qc2 Bg6 23. Nc4 Nxc4 24. Qxc4 Rb5 25. Qc6 Nb8 26. Qa8 Bxd4 27. Nxd4 Rc5
28. Rxc5 dxc5 29. Nf3 Re8 30. Rc1 Bh5 31. g4 Bg6 32. Kg2 Qe7 33. Re1 Rd8
1/2-1/2

[Event "FRA Team Ch"]
[Site "Bordeaux"]
[Date "2001.04.01"]
[Round "7.9"]
[White "Dewitte, Catherine"]
[Black "Leconte, Maria"]
[Result "0-1"]
[WhiteElo "2016"]
[BlackElo "2258"]
[Annotator "Drancy - Cannes"]
[PlyCount "36"]
[EventDate "2001.??.??"]

1. d4 e6 2. Nf3 c5 3. c3 d5 4. g3 Nf6 5. Bg2 Be7 6. O-O O-O 7. Ne5 Nc6 8. Nxc6
bxc6 9. c4 Ba6 10. Na3 Qb6 11. cxd5 cxd5 12. Nc2 Rac8 13. b3 Ne4 14. Bxe4 dxe4
15. Ba3 Rfd8 16. Re1 Bf8 17. e3 cxd4 18. Bxf8 dxe3 0-1

[Event "FRA Team Ch"]
[Site "Bordeaux"]
[Date "2001.04.01"]
[Round "7.2"]
[White "Piket, Jeroen"]
[Black "Rainfray, Arnaud"]
[Result "1-0"]
[WhiteElo "2632"]
[BlackElo "2390"]
[Annotator "Monaco - Bordeaux"]
[PlyCount "85"]
[EventDate "2001.??.??"]

1. d4 d5 2. c4 e6 3. Nf3 Nf6 4. Nc3 Bb4 5. Bg5 Nbd7 6. cxd5 exd5 7. Rc1 c6 8.
a3 Be7 9. e3 O-O 10. Bd3 Re8 11. h3 Ne4 12. Bxe4 dxe4 13. Bxe7 Qxe7 14. Nd2 f5
15. Qb3+ Kh8 16. Nc4 Nf6 17. Qb4 Be6 18. Ne5 Rac8 19. Qxe7 Rxe7 20. b4 b6 21.
O-O c5 22. Nb5 cxd4 23. Nxd4 g6 24. b5 Rxc1 25. Rxc1 Bd5 26. Rc8+ Kg7 27. Nec6
Bxc6 28. Nxc6 Rd7 29. Ra8 Nd5 30. Nxa7 g5 31. Nc6 f4 32. Re8 Nc3 33. Nd4 Ra7
34. Re6 Rxa3 35. Rxb6 fxe3 36. Nf5+ Kf7 37. Nxe3 Ra1+ 38. Kh2 Ra2 39. Rb7+ Kg6
40. b6 Rb2 41. Rc7 Nb5 42. Nc4 Rb4 43. Rc6+ 1-0

[Event "FRA Team Ch"]
[Site "Bordeaux"]
[Date "2001.04.01"]
[Round "7.4"]
[White "Marciano, David"]
[Black "Seret, Jean-Luc"]
[Result "1/2-1/2"]
[WhiteElo "2506"]
[BlackElo "2358"]
[Annotator "Monaco - Bordeaux"]
[PlyCount "66"]
[EventDate "2001.??.??"]

1. e4 g6 2. d4 d6 3. Nc3 Bg7 4. Be3 c6 5. Qd2 b5 6. Nf3 Nf6 7. Bd3 Bg4 8. Bh6
Bxh6 9. Qxh6 Bxf3 10. gxf3 Nbd7 11. f4 Qa5 12. O-O e5 13. fxe5 dxe5 14. d5 cxd5
15. Bxb5 d4 16. Bxd7+ Kxd7 17. Qg5 Ke6 18. b4 Qb6 19. Nd5 Nxe4 20. Nxb6 Nxg5
21. Nxa8 Rxa8 22. a4 Kd5 23. Rfb1 f5 24. b5 e4 25. a5 Nf3+ 26. Kg2 Nd2 27. Rb2
f4 28. b6 axb6 29. axb6 Rxa1 30. b7 Nf3 31. b8=Q Rg1+ 32. Kh3 Ng5+ 33. Kh4 Nf3+
1/2-1/2

[Event "FRA Team Ch"]
[Site "Bordeaux"]
[Date "2001.04.01"]
[Round "7.5"]
[White "Crut, Aurelien"]
[Black "Miralles, Gilles"]
[Result "1/2-1/2"]
[WhiteElo "2473"]
[BlackElo "2303"]
[Annotator "Bordeaux - Monaco"]
[PlyCount "63"]
[EventDate "2001.??.??"]

1. e4 e5 2. Nf3 Nc6 3. Bb5 a6 4. Bxc6 dxc6 5. O-O Qd6 6. Na3 Be6 7. Qe2 f6 8.
Rd1 O-O-O 9. d4 Bg4 10. c3 Qe6 11. Nc2 Bd6 12. Ne3 Bxf3 13. Qxf3 exd4 14. cxd4
Nh6 15. d5 cxd5 16. exd5 Qe5 17. Qh3+ Kb8 18. Nc4 Qe2 19. Bxh6 gxh6 20. Nxd6
Rxd6 21. Qc3 Rhd8 22. Re1 Qb5 23. Rac1 Qb6 24. Re6 Rxd5 25. Rxb6 Rd1+ 26. Qe1
Rxe1+ 27. Rxe1 cxb6 28. Kf1 Rd2 29. Re2 Rd1+ 30. Re1 Rd2 31. Re2 Rd1+ 32. Re1
1/2-1/2

[Event "FRA Team Ch"]
[Site "Bordeaux"]
[Date "2001.04.01"]
[Round "7.6"]
[White "Relange, Eloi"]
[Black "Garrido, Denis"]
[Result "1/2-1/2"]
[WhiteElo "2484"]
[BlackElo "2247"]
[Annotator "Monaco - Bordeaux"]
[PlyCount "32"]
[EventDate "2001.??.??"]

1. d4 Nf6 2. Nf3 d5 3. c4 dxc4 4. e3 Be6 5. Na3 Bd5 6. Nxc4 e6 7. Be2 Be7 8.
O-O O-O 9. a3 c5 10. dxc5 Bxc5 11. b4 Be7 12. Bb2 Nc6 13. Qc2 Rc8 14. Rac1 b5
15. Ncd2 Nd4 16. Qd3 Nxe2+ 1/2-1/2

[Event "FRA Team Ch"]
[Site "Bordeaux"]
[Date "2001.04.01"]
[Round "7.7"]
[White "Beudaert, Xavier"]
[Black "Efimov, Igor"]
[Result "0-1"]
[WhiteElo "2235"]
[BlackElo "2485"]
[Annotator "Bordeaux - Monaco"]
[PlyCount "152"]
[EventDate "2001.??.??"]

1. e4 c5 2. Nf3 Nc6 3. d4 cxd4 4. Nxd4 Nf6 5. Nc3 d6 6. Be2 e5 7. Nf3 h6 8. O-O
Be6 9. Re1 Be7 10. h3 O-O 11. Bf1 Qa5 12. Bd2 Qd8 13. Bc1 Rc8 14. Nd5 Bxd5 15.
exd5 Nb8 16. Be3 Nbd7 17. c4 Nh7 18. Nd2 f5 19. f4 Bh4 20. Re2 b6 21. Rc1 Bg3
22. fxe5 dxe5 23. Rc3 e4 24. Nb3 Be5 25. Bd4 Bd6 26. Bf2 Qf6 27. Nd4 Ng5 28.
Ne6 Nxe6 29. dxe6 Qe5 30. Bg3 Bc5+ 31. Kh1 Qxe6 32. a3 f4 33. Bh2 a5 34. Qb1
Rce8 35. b4 Bd4 36. Rc1 Be3 37. Rd1 Nf6 38. c5 bxc5 39. bxc5 Kh8 40. Qb6 Qf5
41. Qxa5 Ra8 42. Qb5 Rxa3 43. Rc2 Rc8 44. c6 Qxb5 45. Bxb5 Ra5 46. c7 Kh7 47.
Bf1 Ra7 48. g3 Raxc7 49. Rxc7 Rxc7 50. gxf4 Rc2 51. Re1 Rc3 52. f5 Bd2 53. Re2
Rc1 54. Kg2 Nd5 55. Rxe4 Ne3+ 56. Rxe3 Bxe3 57. Bd3 Kg8 58. Kf3 Bg5 59. Be5 Kf7
60. Bb2 Rc8 61. Be4 Rd8 62. Bb1 Bf6 63. Ba2+ Ke7 64. Ba3+ Kd7 65. Bd5 Kc7 66.
Be4 Rb8 67. Bc1 Rb3+ 68. Kg4 Kd6 69. Bf4+ Be5 70. Bd2 Rg3+ 71. Kh4 Ke7 72. Bb4+
Kf7 73. Bd2 Rg1 74. Bd5+ Kf6 75. Be4 Rd1 76. Ba5 Rd4 0-1

[Event "FRA Team Ch"]
[Site "Bordeaux"]
[Date "2001.04.01"]
[Round "7.8"]
[White "Hauchard, Arnaud"]
[Black "Cornette, Matthieu"]
[Result "1-0"]
[WhiteElo "2527"]
[BlackElo "2202"]
[Annotator "Monaco - Bordeaux"]
[PlyCount "67"]
[EventDate "2001.??.??"]

1. c4 Nf6 2. Nc3 d5 3. cxd5 Nxd5 4. Nf3 g6 5. h4 h5 6. Qa4+ c6 7. Qd4 Rg8 8.
Qa4 Nb6 9. Qc2 Bg7 10. d3 c5 11. Be3 Na6 12. g3 Bf5 13. Qd2 c4 14. d4 Nb4 15.
Rc1 N4d5 16. Bg5 f6 17. Bh6 Nxc3 18. bxc3 Bxh6 19. Qxh6 Qd7 20. Nd2 Qc6 21. f3
Qd6 22. Kf2 O-O-O 23. e4 Be6 24. Qe3 g5 25. hxg5 Rxg5 26. f4 Rg7 27. Be2 Rdg8
28. Rcg1 f5 29. Rxh5 fxe4 30. Nxe4 Qd8 31. Nc5 Bf7 32. Ne6 Bxe6 33. Qxe6+ Kb8
34. Bf3 1-0

[Event "FRA Team Ch"]
[Site "Bordeaux"]
[Date "2001.04.01"]
[Round "7.9"]
[White "Feuvrier, Stephanie"]
[Black "Te-Lallemand, Roza"]
[Result "0-1"]
[WhiteElo "2048"]
[BlackElo "2291"]
[Annotator "Bordeaux - Monaco"]
[PlyCount "54"]
[EventDate "2001.??.??"]

1. e4 c5 2. c3 Nf6 3. e5 Nd5 4. d4 cxd4 5. cxd4 Nc6 6. Nf3 d6 7. Bc4 Nb6 8. Bb3
dxe5 9. Nxe5 Nxe5 10. dxe5 Qxd1+ 11. Bxd1 g6 12. Nc3 Bg7 13. f4 O-O 14. Bf3 g5
15. g3 f6 16. Nd5 fxe5 17. Nxe7+ Kh8 18. O-O Bh3 19. Bxb7 Rae8 20. Nd5 Bxf1 21.
Kxf1 exf4 22. gxf4 Rb8 23. Nxb6 Rxb7 24. Nc4 Rb4 25. Nd6 Be5 26. a3 Rbxf4+ 27.
Bxf4 Rxf4+ 0-1